| 000 | 01582nam0a2200337 4500 | ||
|---|---|---|---|
| 001 | RU\NLR\BIBL_A\011173397 | ||
| 005 | 20260408163000.0 | ||
| 010 |
_a978-5-7389-1715-8 _9100 |
||
| 021 |
_aRU _b2016-49759 _93193 |
||
| 035 | _a(NLR Aleph) 011173397 | ||
| 035 | _a(NILC)RuMoRGB-008525068 | ||
| 090 |
_a11778305 _c11778305 |
||
| 100 | _a20160707d2015 u y0rusy50 ca | ||
| 101 | 0 | _arus | |
| 102 | _aRU | ||
| 105 | _a |||z|||000 | ||
| 200 | 1 |
_aПроизводная и её приложения _eучебное пособие _e[по курсу "Математический анализ"] _fО. И. Дроздовская, Т. С. Нам _gМ-во образования и науки Российской Федерации, Федеральное гос. бюджетное образовательное учреждение высш. проф. образования "Тихоокеанский гос. ун-т" |
|
| 210 |
_aХабаровск _cИзд-во ТОГУ _d2015 |
||
| 215 |
_a122 с. _cил. _d21 |
||
| 320 | _aБиблиогр.: с. 122 (10 назв.) | ||
| 606 |
_aПроизводные (мат.) _jУчебные издания для высших учебных заведений _91000899 _3RU\NLR\AUTH\66379506 |
||
| 675 | _a517 | ||
| 686 | 1 | _aВ161.21я73-1 | |
| 700 | 1 |
_aДроздовская _bО. И. _gОльга Ивановна |
|
| 701 | 1 |
_aНам _bТ. С. _gТатьяна Сандановна |
|
| 801 | 0 |
_aRU _bРГБ _c20160622 _gRCR |
|
| 942 | _cBOOK | ||
| 980 | _aNBR | ||
| 980 | _aNB | ||